Golden reminiscences : (Record no. 8536)
[ view plain ]
| 000 -LEADER | |
|---|---|
| fixed length control field | 00615cam a2200217ua 4500 |
| 001 - CONTROL NUMBER | |
| control field | 9501 |
| 005 - DATE AND TIME OF LATEST TRANSACTION | |
| control field | 20260515114455.0 |
| 008 - FIXED-LENGTH DATA ELEMENTS--GENERAL INFORMATION | |
| fixed length control field | 151121n ii |||gr||||Z||||||eng |
| 020 ## - INTERNATIONAL STANDARD BOOK NUMBER | |
| International Standard Book Number | 9788192918617 |
| 040 ## - CATALOGING SOURCE | |
| Transcribing agency | MAIN |
| 041 ## - LANGUAGE CODE | |
| Language code of text/sound track or separate title | eng |
| 082 ## - DEWEY DECIMAL CLASSIFICATION NUMBER | |
| Classification number | 891.451 |
| 245 ## - TITLE STATEMENT | |
| Title | Golden reminiscences : |
| Remainder of title | a bilingual souvenir / |
| Statement of responsibility, etc. | ed. by Ananda Bormudoi . |
| 250 ## - EDITION STATEMENT | |
| Edition statement | 1st ed. |
| 260 ## - PUBLICATION, DISTRIBUTION, ETC. | |
| Place of publication, distribution, etc. | Dibrugarh: |
| Name of publisher, distributor, etc. | Registrar, Dibrugarh University, |
| Date of publication, distribution, etc. | 2015. |
| 300 ## - PHYSICAL DESCRIPTION | |
| Extent | 455p. |
| 653 ## - INDEX TERM--UNCONTROLLED | |
| Uncontrolled term | East Indo-European & Celtic literatures |
| 653 ## - INDEX TERM--UNCONTROLLED | |
| Uncontrolled term | Souvenir of DU golden jubilee |
| 700 ## - ADDED ENTRY--PERSONAL NAME | |
| Personal name | Bormudoi, Ananda, |
| Relator term | Editor. |
| 942 ## - ADDED ENTRY ELEMENTS (KOHA) | |
| Koha item type | Books |
| Withdrawn status | Lost status | Damaged status | Not for loan | Home library | Current library | Shelving location | Date acquired | Total checkouts | Full call number | Barcode | Date last seen | Copy number | Price effective from | Koha item type |
|---|---|---|---|---|---|---|---|---|---|---|---|---|---|---|
| Naharkatiya College Library | Naharkatiya College Library | General stacks | 09/19/2020 | 891.451 | GOL | 22937 | 09/19/2020 | 1 | 09/19/2020 | Books |